Eastern Utah Libraries Catalog: Duchesne, Heber, Roosevelt, & Vernal

Romancing Lord Ramsbury / (Record no. 353545)

MARC details
000 -LEADER
fixed length control field 01718 am a22004338i 4500
001 - CONTROL NUMBER
control field on1019838771
003 - CONTROL NUMBER IDENTIFIER
control field OCoLC
005 - DATE AND TIME OF LATEST TRANSACTION
control field 20220329113738.0
008 - FIXED-LENGTH DATA ELEMENTS--GENERAL INFORMATION
fixed length control field 171212t20172017utu 000 0 eng c
010 ## - LIBRARY OF CONGRESS CONTROL NUMBER
LC control number 2017058116
020 ## - INTERNATIONAL STANDARD BOOK NUMBER
International Standard Book Number 1075439841
Qualifying information (perfect bound : alk. paper)
020 ## - INTERNATIONAL STANDARD BOOK NUMBER
International Standard Book Number 1075439841
020 ## - INTERNATIONAL STANDARD BOOK NUMBER
International Standard Book Number 9781075439841
035 ## - SYSTEM CONTROL NUMBER
System control number (OCoLC)1019838771
Canceled/invalid control number (OCoLC)1007750052
040 ## - CATALOGING SOURCE
Original cataloging agency UPB/DLC
Language of cataloging eng
Description conventions rda
Transcribing agency DLC
Modifying agency OCLCO
-- YDX
-- BDX
-- OCLCF
042 ## - AUTHENTICATION CODE
Authentication code pcc
043 ## - GEOGRAPHIC AREA CODE
Geographic area code e-uk-en
050 00 - LIBRARY OF CONGRESS CALL NUMBER
Classification number PS3614.E568
Item number R63 2017
082 00 - DEWEY DECIMAL CLASSIFICATION NUMBER
Classification number 813/.6
Edition number 23
092 ## - LOCALLY ASSIGNED DEWEY CALL NUMBER (OCLC)
Classification number christian
100 1# - MAIN ENTRY--PERSONAL NAME
Personal name Newbold, Ashtyn,
Dates associated with a name 1998-
Relator term author.
9 (RLIN) 6374381
245 10 - TITLE STATEMENT
Title Romancing Lord Ramsbury /
Statement of responsibility, etc Ashtyn Newbold.
263 ## - PROJECTED PUBLICATION DATE
Projected publication date 1802
264 #1 - Production, Publication, Distribution, Manufacture, and Copyright Notice.
Place of production, publication, distribution, manufacture Springville, Utah :
Name of producer, publisher, distributor, manufacturer Sweetwater Books, An imprint of Cedar Fort, Inc.,
Date of production, publication, distribution, manufacture, or copyr [2020]
264 #4 - Production, Publication, Distribution, Manufacture, and Copyright Notice.
Date of production, publication, distribution, manufacture, or copyr ©2020
Place of production, publication, distribution, manufacture Springville, Utah :
Name of producer, publisher, distributor, manufacturer Sweetwater Books, An imprint of Cedar Fort, Inc.,
300 ## - PHYSICAL DESCRIPTION
Extent pages cm
336 ## - Content Type
Content type term text
337 ## - Media type
Media type term unmediated
338 ## - Carrier type
Carrier type term volume
520 ## - SUMMARY, ETC.
Summary, etc "Lucy Abbott's carriage is besieged by highwaymen as she returns to the country estate she fondly remembers from her childhood. A familiar man leads the band of outlaws, and Lucy must decide if she can trust him to safely guide her to her destination."--Provided by the publisher.
583 ## - ACTION NOTE
Action cat
Action identification o ecip
Time/date of action 20180301
Action agent rlm
Institution to which field applies UPB
650 #0 - SUBJECT ADDED ENTRY--TOPICAL TERM
Topical term or geographic name as entry element Man-woman relationships
Form subdivision Fiction.
9 (RLIN) 5674079
650 #0 - SUBJECT ADDED ENTRY--TOPICAL TERM
Topical term or geographic name as entry element Nineteenth century,
Relator term setting.
9 (RLIN) 88577
651 #0 - SUBJECT ADDED ENTRY--GEOGRAPHIC NAME
Geographic name England,
Relator term setting.
9 (RLIN) 6374384
655 #7 - INDEX TERM--GENRE/FORM
Genre/form data or focus term Novels.
Source of term lcgft
9 (RLIN) 5705821
655 #7 - INDEX TERM--GENRE/FORM
Genre/form data or focus term Romance fiction.
Source of term lcgft
9 (RLIN) 5683255
655 #7 - INDEX TERM--GENRE/FORM
Genre/form data or focus term Domestic fiction.
Source of term lcgft
9 (RLIN) 5673716
942 ## - ADDED ENTRY ELEMENTS (KOHA)
Source of classification or shelving scheme Dewey Decimal Classification
Koha item type BOOK
Holdings
Withdrawn status Lost status Source of classification or shelving scheme Damaged status Not for loan Collection code Home library Current library Shelving location Date acquired Source of acquisition Serial Enumeration / chronology Total Checkouts Total Renewals Full call number Barcode Date last seen Date checked out Cost, replacement price Price effective from Koha item type
    Dewey Decimal Classification     Fiction Wasatch County Library Wasatch County Library First Floor 03/29/2022 Amazon Brides of Brighton #3 13 9 F Newbold 34301001825308 02/23/2026 02/06/2026 11.99 03/29/2022 BOOK
This project was made possible through a grant from the Institute of Museum and Library Service administered by the Utah State Library Division.

Wasatch County Library

  • 465 East 1200 South, Heber City, Utah 84032
  • Phone 435-654-1511 | Fax 435-654-6456

Hours

  • Monday - Friday 9:30 AM - 8:00 PM
  • Saturday 9:30 AM - 1:30 PM
  • Closed Sundays and Holidays